Ideas económicas mínimas / (Registro nro. 6691)

Detalles MARC
000 -LEADER
fixed length control field 00756nam a22002177a 4500
003 - CONTROL NUMBER IDENTIFIER
control field OSt
005 - DATE AND TIME OF LATEST TRANSACTION
control field 20200515231422.0
008 - FIXED-LENGTH DATA ELEMENTS--GENERAL INFORMATION
fixed length control field 200515b1979 ck a gr|||| 00| 0 spa d
040 ## - CATALOGING SOURCE
Original cataloging agency CO-JMCR
Transcribing agency CO-JMCR
041 0# - LANGUAGE CODE
Language code of text/sound track or separate title spa
082 04 - DEWEY DECIMAL CLASSIFICATION NUMBER
Classification number 330 /
Item number C346i3
Edition number 23
100 1# - MAIN ENTRY--PERSONAL NAME
Personal name Castaño Tamayo, Ramón Abel,
Relator term autor
9 (RLIN) 4445
245 10 - TITLE STATEMENT
Title Ideas económicas mínimas /
Statement of responsibility, etc. Ramón Abel Castaño T.
250 ## - EDITION STATEMENT
Edition statement Octava edición
260 ## - PUBLICATION, DISTRIBUTION, ETC.
Place of publication, distribution, etc. Bogotá :
Name of publisher, distributor, etc. Bedout,
Date of publication, distribution, etc. 1979
300 ## - PHYSICAL DESCRIPTION
Extent 384 páginas :
Other physical details ilustraciones a blanco y negro ;
Dimensions 20 cm.
504 ## - BIBLIOGRAPHY, ETC. NOTE
Bibliography, etc. note Bibliografía: páginas 375-376
505 0# - FORMATTED CONTENTS NOTE
Formatted contents note Nociones de estructura económica -- Oferta, demanda y precios -- Nociones de macroeconomía<br/>
650 14 - SUBJECT ADDED ENTRY--TOPICAL TERM
Topical term or geographic name entry element Economía
General subdivision historia económica
9 (RLIN) 4450
942 ## - ADDED ENTRY ELEMENTS (KOHA)
Source of classification or shelving scheme Dewey Decimal Classification
Koha item type Books
Existencias
Withdrawn status Lost status Source of classification or shelving scheme Damaged status Not for loan Collection code Home library Current library Date acquired Source of acquisition Cost, normal purchase price Total Checkouts Full call number Barcode Date last seen Copy number Price effective from Koha item type
    Dewey Decimal Classification     Non-fiction Biblioteca Pública José María del Castillo y Rada Biblioteca Pública José María del Castillo y Rada 04/15/2018 Donación 0.00   330 / C346i3 430003925 05/16/2024 Ej.1 05/15/2020 Books